Vogel's qualitative inorganic analysis. (Record no. 64681)

000 -LEADER
fixed length control field 01219pam a2200337 a 4500
001 - CONTROL NUMBER
control field 4296344
003 - CONTROL NUMBER IDENTIFIER
control field NUST - PNEC
005 - DATE AND TIME OF LATEST TRANSACTION
control field 20170116180852.0
008 - FIXED-LENGTH DATA ELEMENTS--GENERAL INFORMATION
fixed length control field 860509s1987 enka b 001 0 eng
010 ## - LIBRARY OF CONGRESS CONTROL NUMBER
LC control number 86010453
020 ## - INTERNATIONAL STANDARD BOOK NUMBER
International Standard Book Number 0470207108 (Wiley)
020 ## - INTERNATIONAL STANDARD BOOK NUMBER
Canceled/invalid ISBN 058245090X
040 ## - CATALOGING SOURCE
Original cataloging agency DLC
Transcribing agency LIBRARY
Modifying agency DLC
050 00 - LIBRARY OF CONGRESS CALL NUMBER
Classification number QD81
Item number .V6 1987
082 00 - DEWEY DECIMAL CLASSIFICATION NUMBER
Classification number 544 VOG
100 1# - MAIN ENTRY--PERSONAL NAME
Personal name Vogel, Arthur Israel.
240 10 - UNIFORM TITLE
Uniform title Qualitative inorganic analysis
245 10 - TITLE STATEMENT
Title Vogel's qualitative inorganic analysis.
250 ## - EDITION STATEMENT
Edition statement 6th ed. /
Remainder of edition statement rev. by G. Svehla.
260 ## - PUBLICATION, DISTRIBUTION, ETC.
Place of publication, distribution, etc. Harlow, Essex, England :
Name of publisher, distributor, etc. Longman Scientific & Technical ;
Place of publication, distribution, etc. New York :
Name of publisher, distributor, etc. Wiley,
Date of publication, distribution, etc. 1987.
300 ## - PHYSICAL DESCRIPTION
Extent ix, 310 p. :
Other physical details ill. ;
Dimensions 24 cm.
500 ## - GENERAL NOTE
General note Previous ed. as: Vogel's textbook of macro and semimicro qualitative inorganic analysis. 1979.
504 ## - BIBLIOGRAPHY, ETC. NOTE
Bibliography, etc. note Includes bibliographical references and index.
650 #0 - SUBJECT ADDED ENTRY--TOPICAL TERM
Topical term or geographic name entry element Chemistry, Analytic
General subdivision Qualitative.
-- ME
650 #0 - SUBJECT ADDED ENTRY--TOPICAL TERM
Topical term or geographic name entry element Chemistry, Inorganic.
700 1# - ADDED ENTRY--PERSONAL NAME
Personal name Svehla, G.
700 1# - ADDED ENTRY--PERSONAL NAME
Personal name Vogel, Arthur Israel.
Title of a work Textbook of macro and semimicro qualitative inorganic analysis.
740 0# - ADDED ENTRY--UNCONTROLLED RELATED/ANALYTICAL TITLE
Uncontrolled related/analytical title Qualitative inorganic analysis.
906 ## - LOCAL DATA ELEMENT F, LDF (RLIN)
a 7
b cbc
c orignew
d 1
e ocip
f 19
g y-gencatlg
942 ## - ADDED ENTRY ELEMENTS (KOHA)
Source of classification or shelving scheme
Koha item type Book
Holdings
Withdrawn status Lost status Source of classification or shelving scheme Damaged status Not for loan Permanent Location Current Location Shelving location Date acquired Total Checkouts Full call number Barcode Date last seen Price effective from Koha item type
          Pakistan Navy Engineering College (PNEC) Pakistan Navy Engineering College (PNEC)       544 VOG PNECLIB-021259 08/26/2015   Book
© 2023 Central Library, National University of Sciences and Technology. All Rights Reserved.